[Event "XI Closed IM BCC 2021"]
[Site "Barcelona"]
[Date "2021.03.18"]
[Round "4.3"]
[White "Boukhris-Ferre, Yacine"]
[Black "Fantinel, Thibault"]
[Result "1/2-1/2"]
[WhiteElo "2155"]
[BlackElo "2375"]
[Annotator "TA"]
[PlyCount "45"]
[EventDate "2021.03.15"]
[EventType "tourn"]
[EventCountry "ESP"]
[SourceTitle "playchess.com"]
[Source "ChessBase"]
[SourceQuality "1"]

{[%evp 13,45,-32,-36,-33,-30,-27,-25,-28,-23,-54,-31,-59,-43,-38,-17,-15,-17,-15,-15,-14,-10,-28,6,5,8,10,9,2,2,2,2,2,2,6]} 1. e4 c5 2. Nc3 e6 3. f4 d5 4. exd5 exd5 5. Bb5+ Nc6 6. Qe2+ Be7 7. Nf3 Nf6 8. Ne5 {B23: Closed Sicilian: Lines without g3.} Qc7 9. O-O O-O {[#] Strongly threatening ...Nd4.} 10. Bxc6 {Black has an edge.} bxc6 11. b3 {[#]} c4 $146 ({Predecessor:} 11... Bd6 12. Ba3 Re8 13. Qf2 Qa5 14. Bb2 Ba6 15. Rfe1 Qc7 16. Na4 Ne4 17. Qh4 f6 {0-1 (35) Nosov,A (2372)-Simonian,H (2452) Alushta 2008}) 12. bxc4 Bc5+ 13. Kh1 Ba6 14. d3 Bd4 15. Bb2 dxc4 16. dxc4 Rfe8 17. Qf3 c5 18. Rab1 {The position is equal.} Rab8 19. Nb5 Bxb5 20. cxb5 Rxb5 21. Bxd4 Rxb1 22. Rxb1 cxd4 23. Qc6 {Weighted Error Value: White=0.06/Black=0.06} 1/2-1/2

[Event "XI Closed IM BCC 2021"]
[Site "Barcelona"]
[Date "2021.03.18"]
[Round "4.4"]
[White "Ayats Llobera, Gerard"]
[Black "Jimenez Ruano, Adrian"]
[Result "1-0"]
[WhiteElo "2402"]
[BlackElo "2326"]
[Annotator "TA"]
[PlyCount "51"]
[EventDate "2021.03.15"]
[EventType "tourn"]
[EventCountry "ESP"]
[SourceTitle "playchess.com"]
[Source "ChessBase"]
[SourceQuality "1"]

{[%evp 9,51,31,30,27,35,29,46,24,12,24,18,7,74,70,85,98,82,79,94,57,81,68,89,49,107,97,136,128,129,152,139,151,670,624,601,589,589,582,958,929,29990,29991,29991,29992]} 1. e4 c5 2. Nc3 a6 3. Nge2 b5 4. d4 e6 5. d5 d6 6. Ng3 {B23: Closed Sicilian: Lines without g3.} Nf6 7. Be2 {[#]} b4 $146 ({Predecessor:} 7... Nbd7 8. O-O Be7 9. Bf4 Qc7 10. Qd2 O-O 11. Rad1 e5 12. Bg5 Nb6 13. h3 Ne8 {1-0 (46) Muukkonen,K (2456)-Krzyzanowski,W (2450) ICCF email 2015}) 8. Nb1 {White is slightly better.} exd5 9. exd5 g6 10. Nd2 h5 (10... Nbd7 $11 {remains equal.}) 11. O-O $16 Be7 12. Re1 O-O 13. Nc4 Re8 14. Bf4 Bf8 15. Bg5 Nbd7 16. Qd2 (16. Qd3 {keeps more tension.} Ne5 17. Qb3 Nxc4 18. Bxc4 Be7 19. a3) 16... Qc7 {[#]} (16... Bb7 $14) 17. Bxh5 $1 {[%mdl 512]} Rxe1+ (17... gxh5 18. Bxf6 Rxe1+ 19. Rxe1 $18) (17... Bb7 18. Bf3) 18. Rxe1 Nxh5 (18... gxh5 19. Bxf6 Nxf6 20. Qg5+ Bg7 21. Nxh5 $18) 19. Nxh5 gxh5 20. Be7 {aiming for Qg5+.} Bg7 $2 {Loses the game.} (20... f6 $16) 21. Bxd6 Qd8 {[#]} 22. Be7 {[%cal Re7d8]} Qc7 23. Nd6 Bb7 {Black hopes to continue with ...f6.} 24. Qg5 {Nf5 would kill now.} f6 25. Qg6 Rf8 26. Nf5 {[%csl Gf5][%cal Rg6g7] Weighted Error Value: White=0.08/Black=0.87} 1-0

[Event "XI Closed IM BCC 2021"]
[Site "Barcelona"]
[Date "2021.03.18"]
[Round "4.5"]
[White "Louis, Thibault"]
[Black "Valenzuela Gomez, Fernando"]
[Result "0-1"]
[WhiteElo "2244"]
[BlackElo "2393"]
[Annotator "TA"]
[PlyCount "84"]
[EventDate "2021.03.15"]
[EventType "tourn"]
[EventCountry "ESP"]
[SourceTitle "playchess.com"]
[Source "ChessBase"]
[SourceQuality "1"]

{[%evp 11,84,5,12,7,22,5,0,0,0,-2,-10,-21,0,-66,-66,-72,-72,-72,-67,-67,-66,-105,-101,-93,-35,-46,-50,-48,-53,-61,0,0,0,-79,-61,-118,-87,-80,-63,-135,-120,-125,-32,-83,34,-351,-351,-346,-346,-311,-329,-321,-297,-230,-98,-94,-98,-90,-98,-89,-91,-87,-93,-667,-598,-568,-558,-678,-678,-612,-611,-534,-506,-737,-664]} 1. e4 c5 2. Nf3 d6 3. Bb5+ Nd7 4. d4 cxd4 5. Qxd4 a6 6. Bxd7+ Bxd7 7. c4 {B51: Sicilian: Moscow Variation (3 Bb5+) without 3...Bd7.} Nf6 8. Nc3 g6 9. O-O {The position is equal.} Bg7 10. Qd3 O-O 11. Nd4 Rc8 {[#]} 12. f3 $146 (12. a4 $11) ({Predecessor:} 12. Bg5 Qc7 13. Bxf6 Bxf6 14. Nd5 Qxc4 15. Nxf6+ exf6 16. Qxc4 Rxc4 17. Rfd1 Rfc8 18. f3 {0-1 (47) Kulaots,K (2582)-Wojtaszek,R (2710) Jurmala 2013}) 12... Qc7 $15 13. Be3 Qxc4 14. Qd2 Qc7 15. Rac1 Qb8 16. g4 b5 17. a3 Rfe8 (17... e6 $17) 18. g5 Nh5 19. Nd5 Bf8 20. Qa5 Bh3 (20... Rxc1 $1 $15 21. Rxc1 Rc8) 21. Rfd1 $11 Qb7 22. Nb4 (22. Rc7 $11 Rxc7 23. Qxc7 Qxc7 24. Nxc7) 22... e5 $1 $17 {[%cal Re5d4]} 23. Ne2 (23. Ndc6 $15) 23... f5 24. Qxa6 Rxc1 $1 25. Nxc1 (25. Rxc1 $15 Qf7 26. exf5 (26. Qxb5 $2 fxe4 27. Nc3 exf3 $17)) 25... Qf7 26. Qxb5 f4 ({Black should play} 26... fxe4 $17 27. Qd5 exf3) 27. Bf2 (27. Bb6 $15) 27... Qe7 (27... h6 $1 $17) 28. Kh1 $2 {[%mdl 8192]} (28. Bh4 $1 $14 {stays ahead.}) 28... Qxg5 $19 {[%csl Gh3][%cal Rg5g2]} 29. Rg1 {[#]} Ng3+ $1 {[%mdl 512]} 30. Bxg3 fxg3 31. Qc4+ d5 $1 {( -> ...g2+)} 32. Rxg3 {[#]} ({Not} 32. Qxd5+ $2 Kg7 $19) 32... Qxg3 $40 {[%mdl 128] Black is out for blood.} 33. Qxd5+ $17 Be6 34. hxg3 Bxd5 35. Nxd5 {[%mdl 4096] Endgame aiming for Nf6+. KRB-KNN} Rb8 36. Nd3 Rb3 37. N5b4 {[%mdl 8192]} (37. Nxe5 $17 Rxb2 38. Nf6+ Kh8 39. a4) 37... Bxb4 $19 {Black is clearly winning.} 38. Nxb4 Rxf3 39. Kg2 Rb3 40. Nc6 Rxb2+ 41. Kf3 Rb3+ 42. Kg4 Re3 {Weighted Error Value: White=0.56/Black=0.15} 0-1

[Event "XI Closed IM BCC 2021"]
[Site "Barcelona"]
[Date "2021.03.19"]
[Round "5.1"]
[White "Valenzuela Gomez, Fernando"]
[Black "Gonzalez, Raul Omar"]
[Result "1-0"]
[WhiteElo "2393"]
[BlackElo "2178"]
[Annotator "NA"]
[PlyCount "68"]
[EventDate "2021.03.15"]
[EventType "tourn"]
[EventCountry "ESP"]
[SourceTitle "playchess.com"]
[Source "ChessBase"]
[SourceQuality "1"]
[TimeControl "5400+30"]

1. e4 e5 2. Nf3 d6 3. d4 f5 4. Bc4 exd4 5. exf5 d5 6. Bd3 c5 7. O-O Nf6 8. c4 dxc3 9. Nxc3 Be7 10. Ne5 O-O 11. Nxd5 Nxd5 12. Bc4 Rxf5 13. Bxd5+ Kf8 14. f4 Nc6 15. Be3 Nb4 16. Be4 Qxd1 17. Raxd1 Rh5 18. a3 Nc6 19. Rd5 Nxe5 20. Rxe5 Bg4 21. h3 Be2 22. Rf2 Bd1 23. Rd2 Rxe5 24. fxe5 Ba4 25. Bxh7 Kf7 26. Be4 Ke6 27. Bf4 Rf8 28. Bd5+ Kf5 29. Rf2 b6 30. g4+ Kg6 31. b3 Be8 32. Be4+ Kf7 33. Bg5+ Ke6 34. Bf5+ Kd5 1-0

[Event "XI Closed IM BCC 2021"]
[Site "Barcelona"]
[Date "2021.03.19"]
[Round "5.2"]
[White "Jimenez Ruano, Adrian"]
[Black "Louis, Thibault"]
[Result "0-1"]
[WhiteElo "2326"]
[BlackElo "2244"]
[Annotator "NA"]
[PlyCount "82"]
[EventDate "2021.03.15"]
[EventType "tourn"]
[EventCountry "ESP"]
[SourceTitle "playchess.com"]
[Source "ChessBase"]
[SourceQuality "1"]
[TimeControl "5400+30"]

1. d4 {[%emt 0:00:00]} Nf6 {[%emt 0:00:00]} 2. c4 {[%emt 0:00:00]} e6 {[%emt 0:00:07]} 3. Nc3 {[%emt 0:00:09]} Bb4 {[%emt 0:00:08]} 4. Qc2 {[%emt 0:00:13]} d5 {[%emt 0:00:44]} 5. cxd5 {[%emt 0:00:06]} Qxd5 {[%emt 0:03:22]} 6. e3 {[%emt 0:00:10]} c5 {[%emt 0:01:44]} 7. Bd2 {[%emt 0:00:05]} Bxc3 {[%emt 0:02:55]} 8. bxc3 {[%emt 0:00:02]} cxd4 {[%emt 0:01:22]} 9. exd4 {[%emt 0:06:31]} O-O {[%emt 0:01:23]} 10. Nf3 {[%emt 0:02:21]} Nc6 {[%emt 0:03:56]} 11. Rb1 {[%emt 0:17:45]} Qe4+ {[%emt 0:04:33]} 12. Qxe4 {[%emt 0:00:20]} Nxe4 {[%emt 0:00:04]} 13. Bb5 {[%emt 0:04:37]} Na5 {[%emt 0:01:05]} 14. Bd3 {[%emt 0:11:00]} Nd6 {[%emt 0:09:35]} 15. Bf4 {[%emt 0:17:10]} Rd8 {[%emt 0:00:33]} 16. Ke2 {[%emt 0:01:53]} b6 {[%emt 0:01:43]} 17. Rhc1 {[%emt 0:05:01]} Bb7 {[%emt 0:02:50]} 18. c4 {[%emt 0:06:52]} Nf5 {[%emt 0:03:21]} 19. d5 {[%emt 0:13:15]} Ba6 {[%emt 0:11:35]} 20. g4 {[%emt 0:02:24]} Nd6 {[%emt 0:03:19]} 21. dxe6 fxe6 {[%emt 0:02:15]} 22. Ne5 {[%emt 0:05:07]} Nf7 {[%emt 0:08:58]} 23. c5 {[%emt 0:01:36]} Rxd3 {[%emt 0:04:14]} 24. Nxd3 {[%emt 0:00:56]} e5 {[%emt 0:00:59]} 25. Ke3 {[%emt 0:01:48]} exf4+ {[%emt 0:01:18]} 26. Nxf4 {[%emt 0:00:17]} Nc4+ {[%emt 0:00:41]} 27. Kd4 {[%emt 0:00:43]} Nfe5 {[%emt 0:05:32]} 28. Ne6 {[%emt 0:02:16]} Re8 {[%emt 0:01:31]} 29. f4 {[%emt 0:01:21]} Nf3+ {[%emt 0:11:03]} 30. Kd5 {[%emt 0:00:08]} Nfd2 {[%emt 0:00:27]} 31. Rb4 {[%emt 0:00:39]} Bb7+ {[%emt 0:00:31]} 32. c6 {[%emt 0:00:17]} Bc8 {[%emt 0:01:57]} 33. c7 {[%emt 0:00:56]} Bb7+ {[%emt 0:04:43]} 34. Kd4 {[%emt 0:00:03]} Rxe6 {[%emt 0:00:14]} 35. Kd3 {[%emt 0:00:56]} Rc6 {[%emt 0:06:25]} 36. Re1 {[%emt 0:00:01]} Rxc7 {[%emt 0:00:13]} 37. Rb5 {[%emt 0:00:34]} Be4+ {[%emt 0:00:25]} 38. Ke2 {[%emt 0:00:13]} a6 {[%emt 0:00:32]} 39. Rh5 {[%emt 0:00:13]} Bf3+ 40. Kf2 Bxg4 {[%emt 0:01:57]} 41. Rg5 {[%emt 0:00:01]} Nf3 {[%emt 0:00:39]} 0-1

[Event "XI Closed IM BCC 2021"]
[Site "Barcelona"]
[Date "2021.03.19"]
[Round "5.3"]
[White "Fantinel, Thibault"]
[Black "Ayats Llobera, Gerard"]
[Result "1/2-1/2"]
[WhiteElo "2375"]
[BlackElo "2402"]
[Annotator "NA"]
[PlyCount "38"]
[EventDate "2021.03.15"]
[EventType "tourn"]
[EventCountry "ESP"]
[SourceTitle "playchess.com"]
[Source "ChessBase"]
[SourceQuality "1"]
[TimeControl "5400+30"]

1. e4 {[%emt 0:00:00]} c5 2. Nf3 {[%emt 0:00:05]} e6 {[%emt 0:00:31]} 3. g3 {[%emt 0:00:49]} Nc6 {[%emt 0:00:09]} 4. Bg2 {[%emt 0:00:05]} Nf6 {[%emt 0:00:02]} 5. Nc3 {[%emt 0:00:16]} Qc7 {[%emt 0:13:40]} 6. O-O {[%emt 0:02:09]} a6 {[%emt 0:01:05]} 7. Re1 {[%emt 0:05:01]} d6 {[%emt 0:06:40]} 8. d4 {[%emt 0:00:42]} cxd4 {[%emt 0:00:06]} 9. Nxd4 {[%emt 0:00:03]} Bd7 {[%emt 0:03:08]} 10. Nxc6 {[%emt 0:14:58]} Bxc6 {[%emt 0:04:57]} 11. Nd5 {[%emt 0:05:24]} Bxd5 {[%emt 0:00:06]} 12. exd5 {[%emt 0:00:03]} e5 {[%emt 0:00:01]} 13. c4 {[%emt 0:18:45]} Be7 {[%emt 0:07:22]} 14. Qa4+ {[%emt 0:02:38]} Nd7 {[%emt 0:03:01]} 15. Bh3 {[%emt 0:01:43]} Rd8 {[%emt 0:00:17]} 16. Be3 {[%emt 0:06:32]} O-O {[%emt 0:00:26]} 17. Bxd7 {[%emt 0:03:04]} Rxd7 {[%emt 0:00:22]} 18. Bb6 {[%emt 0:00:28]} Qc8 {[%emt 0:00:06]} 19. Rac1 {[%emt 0:02:33]} Bd8 {[%emt 0:31:12]} 1/2-1/2

[Event "XI Closed IM BCC 2021"]
[Site "Barcelona"]
[Date "2021.03.19"]
[Round "5.4"]
[White "Hernandez, Cristian Andres"]
[Black "Boukhris-Ferre, Yacine"]
[Result "1/2-1/2"]
[WhiteElo "2355"]
[BlackElo "2155"]
[Annotator "NA"]
[PlyCount "34"]
[EventDate "2021.03.15"]
[EventType "tourn"]
[EventCountry "ESP"]
[SourceTitle "playchess.com"]
[Source "ChessBase"]
[SourceQuality "1"]
[TimeControl "5400+30"]

1. d4 Nf6 2. Nf3 g6 3. Nbd2 d5 4. b4 Bg7 5. e3 O-O 6. c4 a5 7. b5 c5 8. bxc6 bxc6 9. Ba3 Na6 10. cxd5 cxd5 11. Bd3 Nb4 12. Bxb4 axb4 13. O-O Ba6 14. Ne5 Qd6 15. Bxa6 Rxa6 16. Qb3 Rb8 17. Rfc1 Raa8 1/2-1/2

[Event "XI Closed IM BCC 2021"]
[Site "Barcelona"]
[Date "2021.03.19"]
[Round "5.5"]
[White "Martin Barcelo, Carles"]
[Black "Martin Gonzalez, Angel"]
[Result "1-0"]
[WhiteElo "2258"]
[BlackElo "2272"]
[Annotator "NA"]
[PlyCount "91"]
[EventDate "2021.03.15"]
[EventType "tourn"]
[EventCountry "ESP"]
[SourceTitle "playchess.com"]
[Source "ChessBase"]
[SourceQuality "1"]
[TimeControl "5400+30"]

1. e4 {[%emt 0:07:38]} c5 {[%emt 0:00:00]} 2. Nf3 {[%emt 0:00:06]} d6 {[%emt 0:00:00]} 3. Bb5+ {[%emt 0:00:11]} Nd7 {[%emt 0:00:06]} 4. O-O {[%emt 0:01:22]} a6 {[%emt 0:00:12]} 5. Bd3 {[%emt 0:00:05]} Ngf6 {[%emt 0:00:14]} 6. Re1 {[%emt 0:00:05]} g6 {[%emt 0:01:15]} 7. c3 {[%emt 0:03:26]} Bg7 {[%emt 0:00:30]} 8. a4 {[%emt 0:01:11]} b6 {[%emt 0:05:58]} 9. Bc2 {[%emt 0:00:52]} Bb7 {[%emt 0:03:23]} 10. d4 {[%emt 0:00:38]} O-O {[%emt 0:01:53]} 11. h3 {[%emt 0:00:27]} Qc7 {[%emt 0:04:02]} 12. d5 {[%emt 0:01:14]} Rfe8 {[%emt 0:13:12]} 13. c4 {[%emt 0:02:43]} b5 {[%emt 0:11:27]} 14. axb5 {[%emt 0:01:46]} axb5 {[%emt 0:00:14]} 15. Rxa8 {[%emt 0:00:06]} Rxa8 {[%emt 0:00:08]} 16. cxb5 {[%emt 0:00:10]} Qa5 {[%emt 0:00:15]} 17. Na3 {[%emt 0:17:29]} Qb4 {[%emt 0:01:59]} 18. Re3 {[%emt 0:03:15]} Ne8 {[%emt 0:07:08]} 19. Rb3 {[%emt 0:05:17]} Qa4 {[%emt 0:08:51]} 20. b6 {[%emt 0:07:59]} c4 {[%emt 0:01:31]} 21. Rc3 {[%emt 0:08:23]} Qa6 {[%emt 0:01:28]} 22. Rxc4 {[%emt 0:01:53]} Qxb6 {[%emt 0:02:52]} 23. Qe1 {[%emt 0:08:35]} Ba6 {[%emt 0:08:52]} 24. Rb4 {[%emt 0:06:33]} Qc7 {[%emt 0:00:51]} 25. Ba4 {[%emt 0:06:44]} Nc5 {[%emt 0:01:19]} 26. Bc2 {[%emt 0:02:33]} Nf6 {[%emt 0:03:28]} 27. Nd4 {[%emt 0:05:07]} Bd3 {[%emt 0:04:34]} 28. Ndb5 {[%emt 0:04:29]} Qd7 29. Qe3 {[%emt 0:02:02]} Bxc2 {[%emt 0:08:15]} 30. Nxc2 {[%emt 0:00:05]} Ncxe4 {[%emt 0:00:06]} 31. Bd2 {[%emt 0:01:27]} Nc5 {[%emt 0:08:16]} 32. Nc3 {[%emt 0:00:06]} h5 {[%emt 0:01:02]} 33. Nd4 {[%emt 0:01:13]} Kh7 {[%emt 0:01:12]} 34. Nf3 {[%emt 0:00:15]} Kg8 {[%emt 0:00:37]} 35. Nd4 {[%emt 0:00:24]} Na6 {[%emt 0:00:38]} 36. Rb6 {[%emt 0:00:34]} Nc7 {[%emt 0:00:49]} 37. Qf3 {[%emt 0:00:43]} Nfxd5 {[%emt 0:00:45]} 38. Nxd5 {[%emt 0:00:27]} Bxd4 {[%emt 0:00:02]} 39. Rb7 {[%emt 0:00:20]} Rc8 {[%emt 0:01:01]} 40. Ba5 {[%emt 0:00:41]} e6 {[%emt 0:00:44]} 41. Nxc7 {[%emt 0:00:36]} d5 {[%emt 0:00:27]} 42. Nxd5 {[%emt 0:01:06]} Rc1+ {[%emt 0:00:50]} 43. Kh2 {[%emt 0:00:01]} Be5+ {[%emt 0:00:01]} 44. g3 {[%emt 0:00:31]} Qe8 {[%emt 0:00:51]} 45. Nf6+ {[%emt 0:00:21]} Bxf6 {[%emt 0:00:06]} 46. Qxf6 {[%emt 0:00:06]} 1-0

[Event "XI Closed IM BCC 2021"]
[Site "Barcelona"]
[Date "2021.03.20"]
[Round "6.1"]
[White "Raul Omar Gonzalez"]
[Black "Angel Martin Gonzalez"]
[Result "0-1"]
[WhiteElo "2178"]
[BlackElo "2272"]
[Annotator "NA"]
[PlyCount "56"]
[EventDate "2021.03.15"]
[EventType "tourn"]
[EventCountry "ESP"]
[SourceTitle "playchess.com"]
[Source "ChessBase"]
[SourceQuality "1"]
[TimeControl "5400+30"]

1. d4 Nf6 2. c4 c5 3. d5 e6 4. Nc3 exd5 5. cxd5 d6 6. Nf3 a6 7. a4 g6 8. Nd2 Nbd7 9. e4 Bg7 10. Be2 O-O 11. O-O Re8 12. Qc2 Rb8 13. Re1 Ne5 14. a5 g5 15. Nf1 h6 16. Ng3 b5 17. axb6 Qxb6 18. Ra3 c4 19. Nd1 Nfd7 20. Nf5 Bf8 21. Rg3 Nc5 22. Bh5 Bxf5 23. exf5 Nf3+ 24. gxf3 Rxe1+ 25. Kg2 Qb3 26. Qd2 Qxd1 27. Rxg5+ hxg5 28. Qxg5+ Bg7 0-1

[Event "XI Closed IM BCC 2021"]
[Site "Barcelona"]
[Date "2021.03.20"]
[Round "6.2"]
[White "Yacine Boukhris-Ferre"]
[Black "Carles Martin Barcelo"]
[Result "0-1"]
[WhiteElo "2155"]
[BlackElo "2258"]
[Annotator "TA"]
[PlyCount "85"]
[EventDate "2021.03.15"]
[EventType "tourn"]
[EventCountry "ESP"]
[SourceTitle "playchess.com"]
[Source "ChessBase"]
[SourceQuality "1"]

{[%evp 14,85,26,7,7,6,2,4,8,7,8,0,0,8,20,0,0,-50,-35,-106,-67,-67,-7,-95,0,-81,-33,-195,-198,-214,-225,-253,-119,-214,-202,-218,-188,-192,-153,-147,-150,-270,-264,-297,-158,-600,-600,-600,-584,-584,-584,-688,-677,-832,-768,-843,-735,-29975,-29976,-29977,-29978,-29989,-29990,-29990,-29966,-29966,-29968,-29967,-29967,-29966,-29966,-5750,-5631,-1059]} 1. e4 e6 2. d4 d5 3. Nc3 Nf6 4. Bg5 dxe4 5. Nxe4 Nbd7 6. Nf3 h6 7. Nxf6+ Nxf6 8. Be3 {is currently scoring better than 8.Bh4.} Bd6 {C10: French with 3 Nc3: Unusual Black 3rd moves and 3...dxe4.} 9. g3 b6 10. Bg2 Bb7 {The position is equal.} 11. O-O O-O 12. c4 {[#]} Qe7 $146 ({Predecessor:} 12... c5 13. Qe2 cxd4 14. Bxd4 Qe7 15. Rfd1 Rfd8 {½-½ (15) Yu,Y (2672)-Ding,L (2654) Hefei 2011}) 13. Re1 Rfe8 14. h3 c5 15. d5 Qc7 {[%cal Re6d5]} 16. Nh4 (16. Nh2 $1 $15) 16... Rad8 17. Qf3 $1 Nh7 (17... Ba8 $15 18. Bxh6 exd5) 18. Qh5 (18. Rad1 $11) 18... Nf6 19. Qf3 Kh7 20. g4 $2 (20. Bd2 $15) 20... exd5 $19 21. Qf5+ Kg8 22. Bxh6 Nh7 ({Not} 22... gxh6 23. Qxf6 Bh2+ 24. Kf1 $11) ({And not} 22... dxc4 23. Bxg7 $1 {[%mdl 512]} Nh7 24. Bxb7 $16) (22... Bh2+ $1 $19 {and Black stays clearly on top.} 23. Kh1 Be5) 23. Bg5 (23. Bd2 $17 {might work better.}) 23... Nxg5 24. Qxg5 Be7 ({Resist} 24... dxc4 25. Bxb7 Qxb7 26. Rad1 $17) 25. Qh5 Bxh4 26. Qxh4 dxc4 27. g5 (27. Rxe8+ $17 Rxe8 28. Rd1) 27... Bxg2 28. g6 {White threatens Qh7+ and mate.} fxg6 (28... Rxe1+ $19 29. Rxe1 fxg6 30. Kxg2 Qc6+ 31. Qe4 Qxe4+ 32. Rxe4 Rd2) 29. Qxc4+ $2 {[#]} (29. Rxe8+ $17 Rxe8 30. Qxc4+ Bd5 31. Qxd5+ Kh7 32. Rd1) 29... Bd5 $1 30. Rxe8+ Kf7 31. Qd3 {Black must now prevent Rxd8.} Kxe8 32. Re1+ Kf7 33. f4 c4 34. Qd2 Kg8 35. Re5 Bb7 36. Qe2 Qc6 37. Qg4 Qh1+ 38. Kf2 Rd2+ 39. Re2 Qh2+ 40. Ke1 Qxe2+ 41. Qxe2 Rxe2+ 42. Kxe2 Kf7 43. Ke1 {Weighted Error Value: White=0.81/Black=0.30} 0-1

[Event "XI Closed IM BCC 2021"]
[Site "Barcelona"]
[Date "2021.03.20"]
[Round "6.3"]
[White "Gerard Ayats Llobera"]
[Black "Cristian Andres Hernandez"]
[Result "1-0"]
[WhiteElo "2402"]
[BlackElo "2355"]
[Annotator "NA"]
[PlyCount "47"]
[EventDate "2021.03.15"]
[EventType "tourn"]
[EventCountry "ESP"]
[SourceTitle "playchess.com"]
[Source "ChessBase"]
[SourceQuality "1"]
[TimeControl "5400+30"]

1. e4 c5 {[%emt 0:07:15]} 2. Nf3 {[%emt 0:00:00]} d6 {[%emt 0:00:07]} 3. d4 {[%emt 0:00:00]} cxd4 {[%emt 0:00:04]} 4. Nxd4 {[%emt 0:00:00]} Nf6 {[%emt 0:00:09]} 5. Nc3 {[%emt 0:00:00]} a6 {[%emt 0:00:06]} 6. Bg5 {[%emt 0:00:00]} Nbd7 {[%emt 0:01:31]} 7. Bc4 {[%emt 0:00:00]} Qb6 {[%emt 0:00:23]} 8. Bb3 {[%emt 0:04:32]} e6 {[%emt 0:00:05]} 9. Qd2 {[%emt 0:00:16]} Be7 {[%emt 0:01:19]} 10. O-O-O {[%emt 0:00:13]} Nc5 {[%emt 0:00:05]} 11. Rhe1 {[%emt 0:00:22]} h6 {[%emt 0:00:05]} 12. Bh4 {[%emt 0:07:20]} O-O {[%emt 0:00:06]} 13. g3 {[%emt 0:16:26]} Qc7 {[%emt 0:00:07]} 14. f4 {[%emt 0:00:34]} Re8 {[%emt 0:00:15]} 15. e5 {[%emt 0:06:46]} dxe5 {[%emt 0:00:04]} 16. fxe5 {[%emt 0:01:34]} Nh7 {[%emt 0:00:34]} 17. Bxe7 {[%emt 0:02:38]} Rxe7 {[%emt 0:23:31]} 18. Nf5 {[%emt 0:11:55]} Rd7 {[%emt 0:00:05]} 19. Nd6 {[%emt 0:00:37]} b5 {[%emt 0:00:41]} 20. Nce4 {[%emt 0:02:22]} Nf8 {[%emt 0:06:13]} 21. Nf6+ {[%emt 0:08:00]} gxf6 {[%emt 0:25:35]} 22. Qxh6 {[%emt 0:01:29]} Nh7 {[%emt 0:09:35]} 23. Ne8 {[%emt 0:03:17]} Rxd1+ {[%emt 0:00:07]} 24. Rxd1 {[%emt 0:00:08]} 1-0

[Event "XI Closed IM BCC 2021"]
[Site "Barcelona"]
[Date "2021.03.20"]
[Round "6.4"]
[White "Thibault Louis"]
[Black "Thibault Fantinel"]
[Result "0-1"]
[WhiteElo "2244"]
[BlackElo "2375"]
[Annotator "TA"]
[PlyCount "92"]
[EventDate "2021.03.15"]
[EventType "tourn"]
[EventCountry "ESP"]
[SourceTitle "playchess.com"]
[Source "ChessBase"]
[SourceQuality "1"]

{[%evp 9,92,0,0,0,0,-21,-24,-13,-11,-37,-14,-17,-17,-19,-29,-16,-11,-37,-33,-47,-23,-20,-22,-16,0,0,0,-13,-7,0,-3,-22,-23,-34,-37,-27,-21,-52,-14,-10,8,-25,0,-39,-12,-32,23,-33,24,-15,0,-28,0,-16,17,12,20,12,17,11,11,11,11,0,0,-2,-2,-3,-11,-82,-82,-198,-195,-539,-523,-499,-444,-656,-656,-649,-648,-608,-592,-660,-555]} 1. e4 c5 2. Nc3 Nc6 3. Bb5 Nd4 4. Nf3 a6 5. Bc4 b5 6. Bd5 {B23: Closed Sicilian: Lines without g3.} Rb8 7. Nxd4 (7. d3 {with more complications.} e6 8. Bb3 Nxb3 9. axb3 Bb7 10. d4) 7... cxd4 8. Ne2 {Black has an edge.} Nf6 9. Nxd4 e6 10. Bb3 Nxe4 11. O-O Bb7 12. d3 Nc5 13. Bf4 {[#]} d6 $146 ({Predecessor:} 13... Rc8 14. Re1 Qf6 15. Be5 Qg6 16. Bg3 h5 17. f3 h4 18. Bf2 Rh5 19. Qd2 Bd6 {0-1 (45) Danielyan,V (2303)-Magalashvili,D (2496) Tbilisi 2017}) 14. Bg3 Be7 15. c3 Nxb3 16. axb3 Qb6 17. Re1 Qc5 18. Qg4 O-O 19. b4 Qd5 {[%csl Gb7][%cal Rd5g2]} 20. Qe4 {Hoping for Qxd5.} Qh5 21. Qe2 ({Of course not} 21. Nc6 Kh8 $1 $17) 21... Qg6 22. f4 Bf6 23. Qf2 Qh5 24. Nf3 Qf5 25. Qe3 Qg4 26. Kf2 Rfd8 27. h3 Qf5 (27... Qg6 $15) 28. d4 ({White should try} 28. Bh4 $11) 28... h6 (28... Qg6 $15) 29. Kg1 Qh5 30. Rf1 Qg6 31. Kh2 h5 32. Rf2 Bxf3 33. Rxf3 {Black should prevent f5!} h4 34. Bf2 Ra8 35. f5 exf5 36. Qf4 Re8 37. Qxf5 Qxf5 38. Rxf5 Re2 39. Kg1 (39. Rb1 $11) 39... Rxb2 $17 40. Rxb5 {[#]} Rc8 $1 $19 41. Rxa6 (41. Rba5 Rxc3 42. R5a2 Rxb4 43. Be1 Bxd4+ 44. Kf1) 41... Rxc3 {Strongly threatening ...Rc1+.Black is clearly winning.} 42. Ra8+ Kh7 {...Rc1+ is the strong threat.} 43. Bxh4 (43. Ra1 $142 Rcc2 44. Rf1) 43... Bxd4+ ({Less strong is} 43... Bxh4 44. Rh5+ Kg6 45. Rxh4 $17) 44. Kh2 {intending Rh5+.} Be5+ 45. Rxe5 dxe5 46. Ra7 Kg6 {Weighted Error Value: White=0.33/Black=0.10} 0-1

[Event "XI Closed IM BCC 2021"]
[Site "Barcelona"]
[Date "2021.03.21"]
[Round "7.1"]
[White "Jimenez Ruano, Adrian"]
[Black "Gonzalez, Raul Omar"]
[Result "1-0"]
[WhiteElo "2326"]
[BlackElo "2178"]
[Annotator "ChessBase"]
[PlyCount "85"]
[EventDate "2021.03.15"]
[EventType "tourn"]
[EventCountry "ESP"]
[SourceTitle "playchess.com"]
[Source "ChessBase"]
[SourceQuality "1"]
[TimeControl "5400+30"]

1. d4 e6 2. c4 Bb4+ 3. Nc3 f5 4. Qc2 Nf6 5. Nf3 O-O 6. g3 d6 7. Bg2 Nbd7 8. O-O Bxc3 9. Qxc3 Ne4 10. Qc2 Ndf6 11. Ne1 h6 12. Nd3 Qe8 13. b3 Bd7 14. Bb2 Bc6 15. f3 Ng5 16. Qc3 Rf7 17. b4 a6 18. Rae1 Re7 19. h4 Ngh7 20. e4 Qg6 21. exf5 Qxg3 22. d5 Bd7 23. fxe6 Be8 24. Qd4 Bg6 25. Qf4 Nh5 26. Qxg3 Nxg3 27. Nf4 Be8 28. Rf2 Nf5 29. h5 Ng3 30. Ng6 Bxg6 31. hxg6 Nf8 32. f4 Nxg6 33. f5 Ne5 34. Rxe5 dxe5 35. Bxe5 Nh5 36. c5 Nf6 37. d6 cxd6 38. cxd6 Ree8 39. Bxf6 gxf6 40. e7 Reb8 41. Bd5+ Kg7 42. Rg2+ Kh7 43. d7 1-0